000
00197 a2200097 4500
001
11825
100
_a
Gibba, E.J.W.
245
_a
Turkey
260
_a
_b
Publishers united
_c
090
_c
9081
_d
9081
942
_a
NUST-CAE
_c
M
_c
35913
999
_c
246898
_d
246898